000 00694cab a22002055a 4500
001 L137931
008 070508e20070504xxk f 000 0 eng d
035 _a(Sirsi) u137931
041 0 _aeng
100 1 _aKing, Alistair
245 0 0 _aSpecifier
_bflooring
260 _c2007
490 0 _aBuilding
_v272(8478) 4 May 2007, 62-70(7)
520 _aCovers a movable floor system for a swimming pool and the whole-life costs of textile floor coverings. Also contains details of floor covering products and suppliers.
590 _aKA
651 4 _aUnited Kingdom
_y
690 _aBUILT ENVIRONMENT-BUILDING ELEMENTS-COMPLETE BUILDING ELEMENTS-FLOORS
700 1 _aMayer, Peter
942 _n0
999 _c78743
_d78743